| 000 -LEADER |
| fixed length control field |
01438 a2200277 4500 |
| 003 - CONTROL NUMBER IDENTIFIER |
| control field |
Nust |
| 005 - DATE AND TIME OF LATEST TRANSACTION |
| control field |
20170207154021.0 |
| 010 ## - LIBRARY OF CONGRESS CONTROL NUMBER |
| LC control number |
2005048622 |
| 020 ## - INTERNATIONAL STANDARD BOOK NUMBER |
| International Standard Book Number |
0471720704 (cloth : acid-free paper) |
| 020 ## - INTERNATIONAL STANDARD BOOK NUMBER |
| International Standard Book Number |
9780471720706 (cloth : acid-free paper) |
| 040 ## - CATALOGING SOURCE |
| Transcribing agency |
Nust |
| 082 00 - DEWEY DECIMAL CLASSIFICATION NUMBER |
| Classification number |
518.64 |
| 100 1# - MAIN ENTRY--PERSONAL NAME |
| Personal name |
Solin, Pavel. |
| 245 10 - TITLE STATEMENT |
| Title |
Partial differential equations and the finite element method -(E-BOOK) |
| Statement of responsibility, etc. |
Pavel Solin |
| 260 ## - PUBLICATION, DISTRIBUTION, ETC. |
| Place of publication, distribution, etc. |
Hoboken, N.J. : |
| Name of publisher, distributor, etc. |
Wiley-Interscience, |
| Date of publication, distribution, etc. |
c2006. |
| 300 ## - PHYSICAL DESCRIPTION |
| Extent |
xxvii, 472 p. : |
| Other physical details |
ill. ; |
| Dimensions |
25 cm. |
| 490 1# - SERIES STATEMENT |
| Series statement |
Pure and applied mathematics |
| 505 ## - FORMATTED CONTENTS NOTE |
| Formatted contents note |
Partial Differential Equations (page-1), Continuous Elements for 1 D Problems (page-45), General Concept of Nodal Elements (page-103), Continuous Elements for 2D Problems (page-125), Transient Problems and ODE Solvers (page-167),Beam and Plate Bending Problems (page-209), Equations of Electrornagnetics (page-269). |
| 650 #0 - SUBJECT ADDED ENTRY--TOPICAL TERM |
| Topical term or geographic name entry element |
Differential equations, Partial |
| General subdivision |
Numerical solutions. |
| 650 #0 - SUBJECT ADDED ENTRY--TOPICAL TERM |
| Topical term or geographic name entry element |
Finite element method. |
| 651 ## - SUBJECT ADDED ENTRY--GEOGRAPHIC NAME |
| Geographic name |
E-BOOK |
| 830 #0 - SERIES ADDED ENTRY--UNIFORM TITLE |
| Uniform title |
Pure and applied mathematics (John Wiley & Sons : Unnumbered) |
| 856 42 - ELECTRONIC LOCATION AND ACCESS |
| Materials specified |
Contributor biographical information |
| Uniform Resource Identifier |
<a href="http://www.loc.gov/catdir/enhancements/fy0653/2005048622-b.html">http://www.loc.gov/catdir/enhancements/fy0653/2005048622-b.html</a> |
| 856 42 - ELECTRONIC LOCATION AND ACCESS |
| Materials specified |
Publisher description |
| Uniform Resource Identifier |
<a href="http://www.loc.gov/catdir/enhancements/fy0625/2005048622-d.html">http://www.loc.gov/catdir/enhancements/fy0625/2005048622-d.html</a> |
| 856 42 - ELECTRONIC LOCATION AND ACCESS |
| Materials specified |
Table of contents only |
| Uniform Resource Identifier |
<a href="http://www.loc.gov/catdir/enhancements/fy0625/2005048622-t.html">http://www.loc.gov/catdir/enhancements/fy0625/2005048622-t.html</a> |
| 942 ## - ADDED ENTRY ELEMENTS (KOHA) |
| Source of classification or shelving scheme |
|
| Koha item type |
Book |